| 000 | 01060nam a22002057a 4500 | ||
|---|---|---|---|
| 003 | JO-AjAnu | ||
| 005 | 20240605112619.0 | ||
| 008 | 240402b jo ||||| |||| 00| 0 ara d | ||
| 040 |
_aJO-AjAnu _cJO-AjAnu |
||
| 041 | 0 | _aara | |
| 050 | _aHG1615.2023 | ||
| 100 | 1 |
_aالأسعد، رولا تركي حسين _965243 _eمعد |
|
| 245 | 0 |
_aاثر القيادة الموقفية على البراعة التنظيمية في البنوك التجارية الاردنية = The Impact of Situational Leadershio on Organizatioal Prowess at Jordanian Commerial Banks / _cاعداد رولا تركي حسين الاسعد ؛ إشراف بلال احمد المثاني |
|
| 260 | _c2023 | ||
| 300 | _a92ورقة | ||
| 500 | _a رسالة جامعية (ماجستير) .- جامعة عجلون الوطنية (عجلون، الأردن)، كلية الاعمال، تخصصادارة الاعمال، 2023 | ||
| 650 | 7 | 0 |
_aالبنوك- تنظيم وادارة _965245 |
| 700 | 1 |
_aالمثاني، بلال احمد _965043 _eمشرف |
|
| 942 |
_2lcc _cTHS _n0 |
||
| 999 |
_c33396 _d33396 |
||